000 00216nam a2200097Ia 4500
008 170619s9999 xx 000 0 und d
100 _aSingh S.N.
245 0 _aBasic Electrical Engineering
260 _bPHI
260 _c2011
546 _aENGLISH
999 _c19947
_d19947